000 00606nam a2200193 a 4500
003 BD-RjUL
005 20240417112531.0
008 900704s1950 enk 000 0 eng d
040 _aBGU
_beng
_cBD-RjUL
041 _aeng
082 _a823
_bHAT 1950
100 1 _aHardy, Thomas,
_d1840-1928
245 1 4 _aThe trumpet-major, John Loveday :
_ba soldier in the war with Buonaparte, and Robert his brother, first mate in the merchant service; a tale /
_cby Thomas Hardy
250 _aPocket
260 _aLondon :
_bMacmillan,
_c1950
300 _aviii, 373 p.
942 _2ddc
_cBK
990 _auniversities
999 _c83519
_d83519